000 00836 aa a2200217 4500
005 20120620141637.0
010 _a
020 _c80.00
_a
035 _aA-994637
037 _bpub
082 _a613
100 _aलखोटिया, रामनिवास
_949348
245 _aस्वास्थ्य एवं पारिवारिक जीवन /
_cरामनिवास लखोटिया
246 _a
_b
260 _aजोधपुर
_bराजस्थानी ग्रन्थागार
_c1999
270 _a
_b
_e
300 _a80पृ
_c22 सेमी (सजिल्द)
490 _a
_949349
942 _adpl
_cHN
_k
_2ddc
_h613
_mलखोटि
999 _c68082
_d68082